| 000 | 01684nam a2200493 i 4500 | ||
|---|---|---|---|
| 001 | 2944 | ||
| 003 | KOSZ 005 | ||
| 005 | 20201104113126.0 | ||
| 008 | 981023s1986 pl a f |000 0 pol d | ||
| 015 | _aPB 1987/295 | ||
| 035 | _a991007048669705066 | ||
| 035 | _a(PL-WaBN)b11832241-48omnis_nlop | ||
| 035 | _ab11832241 | ||
| 035 | _a(OCoLC)749464136 | ||
| 035 | _a(PL)b0000001183224 | ||
| 035 | _a(EXLNZ-48OMNIS_NETWORK)9910114674805606 | ||
| 040 |
_aWA N _cWA N _dKOSZ 005/EC |
||
| 041 | 0 | _apol | |
| 046 | _k1986 | ||
| 080 | _a54 | ||
| 080 | _a(075.8) | ||
| 100 | 1 |
_aCybulski, Zygmunt Alojzy _eAutor |
|
| 245 | 1 | 0 |
_aElementy chemii / _cZygmunt A. Cybulski. |
| 260 |
_aKoszalin : _bWSI, _c1986 _e(Szczec. : _fSZG). |
||
| 300 |
_a299 s. : _brys., wykr. ; _c24 cm. |
||
| 336 |
_2rdacontent _aTekst _btxt |
||
| 337 |
_2rdamedia _aBez urządzenia pośredniczącego _bn |
||
| 338 |
_2rdacarrier _aWolumin _bnc |
||
| 380 | _aKsiążki | ||
| 380 | _aPublikacje dydaktyczne | ||
| 385 |
_mPoziom nauczania _aSzkoły wyższe |
||
| 388 | _a1901-2000 | ||
| 388 | _a1945-1989 | ||
| 490 | 1 | _aSkrypty / Wyższa Szkoła Inżynierska w Koszalinie | |
| 650 | 7 |
_aChemia _2DBN |
|
| 655 | _aPodręczniki akademickie | ||
| 658 | _aChemia | ||
| 710 | 2 |
_4pbl _aWydawnictwo Uczelniane (Wyższa Szkoła Inżynierska ; Koszalin) |
|
| 830 | 0 | _aSkrypty - Wyższa Szkoła Inżynierska w Koszalinie | |
| 856 |
_uhttp://koha.tu.koszalin.pl/cgi-bin/koha/opac-detail.pl?biblionumber=2944 _yKatalog online BPK |
||
| 856 |
_uhttp://dlibra.tu.koszalin.pl/dlibra/docmetadata?id=1235 _yBiblioteka Cyfrowa |
||
| 942 |
_2UKD _cKS |
||
| 999 |
_c2944 _d2944 |
||